MARC

LEADER 00000nam0a2200000 4500
001 363442
005 20231102011605.0
035 |a (RuTPU)RU\TPU\retro\20789 
090 |a 363442 
100 |a 20210930d1980 km y0rusy50 ca 
101 1 |a rus  |c pol 
102 |a RU 
105 |a y z 001zy 
200 1 |a Проблемы теории международных отношений  |e пер. с пол.  |f Ю. Кукулка 
210 |a Москва  |c Прогресс  |d 1980 
215 |a 320 с. 
225 1 |a Для научных библиотек 
320 |a Библиогр. в конце гл. 
320 |a Указ. имен: с. 313-318 
606 1 |a Международные отношения  |z 20 в.  |z 21 в.  |2 stltpush  |3 (RuTPU)RU\TPU\subj\41935  |9 61703 
610 1 |a эпистемология 
610 1 |a теория 
610 1 |a научные исследования 
610 1 |a методы 
610 1 |a типы 
610 1 |a виды 
610 1 |a политические стратегии 
610 1 |a политический анализ 
610 1 |a системные исследования 
610 1 |a прогностика 
610 1 |a потребности 
610 1 |a ценности 
686 |a Ф4(0)  |v LBC/SL-A  |2 rubbk 
700 1 |a Кукулка  |b Ю.  |g Юзеф 
801 1 |a RU  |b 63413507  |c 20210930 
942 |c BK